00644nam a2200193Ia 4500952014300000999001700143003000400160005001700164008004100181020001800222040000900240082002200249100003000271245004600301260003200347300000800379650001300387942005000400 00102ddc40708SSaMESbMEScMALd2019-02-20g50.00l1o894.812301 ZAC/Ep34976r2023-06-27 13:51:41s2023-06-17w2019-02-20yBKzGR31R1 c29751d29751OSt20260305124335.0190216s9999||||xx |||||||||||||| ||und|| a9788126419074 coclc a894.812301bZAC/E0 aSakkar̲iya,d1945-96653 0aEnte Priyapetta Kathakal /cPaul Zacharia bDc Books,c2010.aKottayam: a84p aKathakal cBK2ddch894.812301iZAC/Ek894.812301mZAC/E